000
00287nam a2200121Ia 4500
008
190216s9999||||xx |||||||||||||| ||und||
100
_a
Alan Simpson
245
0
_a
Understanding Dbase Iii Plus
260
_b
Bpb Publications
300
_a
414 p
650
_a
Computer Science
942
_c
BK
999
_c
8518
_d
8518